00555nam a2200169 a 450000100100000000500170001000800410002702000150006804000250008308200150010810000170012324500610014026000290020130000410023050400730027150400410034400000461820200929151454.0090724s2003 ko ab 000 0 eng d a0754631850 aDO-SdBNPbengcBNPHU axxxxbK49k1 aKim, Chongho10aKorean shamanism :bthe cultural paradox /cChongho Kim. aKorea :bAshgate,c2003. axxii, 248 p. :bil., maps. ;c24 cm. aIncluye referencias bibliográficas y notas al pie de las páginas aIncluye bibliografías (p. 227-244)